LIBRARY & INFORMATION CENTRE, KCAET, TAVANUR

ONLINE PUBLIC ACCESS CATALOGUE (OPAC)

Collected poems / (Record no. 4453)

MARC details
000 -LEADER
fixed length control field 00338cam a2200133ua 4500
041 ## - LANGUAGE CODE
Language code of text/sound track or separate title eng
082 ## - DEWEY DECIMAL CLASSIFICATION NUMBER
Classification number 821
Item number BRO/CO
100 ## - MAIN ENTRY--AUTHOR NAME
Personal name Brooke , Rupert .
245 ## - TITLE STATEMENT
Title Collected poems /
260 ## - PUBLICATION, DISTRIBUTION, ETC. (IMPRINT)
Place of publication London :
Name of publisher Sidgwick & Jackson Ltd ,
Year of publication 1966.
300 ## - PHYSICAL DESCRIPTION
Number of Pages 167 ; .
942 ## - ADDED ENTRY ELEMENTS (KOHA)
Koha item type Books
Holdings
Withdrawn status Lost status Damaged status Home library Current library Date acquired Full call number Accession Number Koha item type
Withdrawn     KAUAET Central Prison Tavanur 07/04/2012 821 11664 Books
free website counter